Validation of microwave-assisted wet digestion of natural rubber for ICP-AES mineral analysis (Record no. 74801)

MARC details
000 -LEADER
fixed length control field 01939nam a22002417a 4500
100 ## - MAIN ENTRY--AUTHOR NAME
Personal name Char, C
245 ## - TITLE STATEMENT
Title Validation of microwave-assisted wet digestion of natural rubber for ICP-AES mineral analysis
260 ## - PUBLICATION, DISTRIBUTION, ETC. (IMPRINT)
Name of publisher Journal of Rubber Research, 25(1): 79-88.
Year of publication 2022
520 ## - SUMMARY, ETC.
Summary, etc The mineral composition of three types of Hevea latex samples was determined by inductively coupled plasma atomic emission spectroscopy using a microwave-assisted wet digestion method. This method was compared in Round Robin tests to a dry reference method used to analyze leaf minerals. The results show on the one hand that for all elements, the methods studied are robust in terms of performance. Indeed, the low z scores obtained on the reference sample for both methods prove the accuracy of the methods studied. On the other hand, the results of the percentages of Mg, P and K obtained by the wet method are 5 to 10% higher than those obtained by the dry method. This significant difference shows that the wet method is more efficient than the dry method due to less loss of elements and can be used to quantify all elements of interest, especially sulphur, which to date had remained non-quantifiable by the dry method. The results confirmed the technique to be reliable, easy to use in the laboratory, and relatively mild in terms of chemicals However, certain limitations were found for calcium where, given the low contents and heterogeneity of the materials, inductively coupled plasma mass spectrometry, which is more suited to trace analyses, remains the preferred method.
650 ## - SUBJECT ADDED ENTRY--TOPICAL TERM
Topical Term ICP-AES
650 ## - SUBJECT ADDED ENTRY--TOPICAL TERM
Topical Term Mineral composition
650 ## - SUBJECT ADDED ENTRY--TOPICAL TERM
Topical Term Digestion
650 ## - SUBJECT ADDED ENTRY--TOPICAL TERM
Topical Term Clones
650 ## - SUBJECT ADDED ENTRY--TOPICAL TERM
Topical Term Sulphur quantification
700 ## - ADDED ENTRY--PERSONAL NAME
Personal name Tella, M
700 ## - ADDED ENTRY--PERSONAL NAME
Personal name Bonfils, F
700 ## - ADDED ENTRY--PERSONAL NAME
Personal name Geniez, M
700 ## - ADDED ENTRY--PERSONAL NAME
Personal name Albaut, G
700 ## - ADDED ENTRY--PERSONAL NAME
Personal name Valette, M
700 ## - ADDED ENTRY--PERSONAL NAME
Personal name Beuve, J.S
856 ## - ELECTRONIC LOCATION AND ACCESS
Uniform Resource Identifier https://doi.org/10.1007/s42464-022-00159-2
942 ## - ADDED ENTRY ELEMENTS (KOHA)
Koha item type Journals
Holdings
Withdrawn status Lost status Damaged status Not for loan Home library Current library Date acquired Koha item type
        RRII Library RRII Library 29/09/2022 Journals